Tous les sites UNESCO de Grèce sur une carte - Statistiques

Statistiques générales
  • Ce quiz a été pris 49 fois
  • Le résultat moyen est 9 sur 20
Réponses sur la Carte
Les réponses sont colorées sur une échelle allant du rouge au vert en fonction du pourcentage des utilisateurs qui les ont devinées à leur premier essai. Vous pouvez retrouver ces pourcentages ci-dessous.
 
Statistiques - réponses
Réponse % Correct
Acropole d'Athènes
87%
Ville médiévale de Rhodes
80%
Vieille ville de Corfou
70%
Centres palatiaux minoens
60%
Monuments paléochrétiens et byzantins de Thessalonique
60%
Météores
57%
Monastères de Daphni, de Hosios Loukas et Nea Moni de Chios
53%
Mont Athos
53%
Site archéologique de Delphes
53%
Site archéologique d'Olympie
53%
Sites archéologiques de Mycènes et de Tirynthe
50%
Délos
47%
Centre historique de l'île de Patmos
40%
Paysage culturel de Zagori
37%
Pythagoreion et Heraion de Samos
37%
Sanctuaire d'Asclépios en Epidaure
37%
Site archéologique de Philippes
27%
Temple d'Apollon Épikourios à Bassae
20%
Site archéologique de Mystras
13%
Site archéologique d'Aigai
10%
Aucun quiz correspondant
Distribution des résultats
% des personnes avec chaque résultat
Percentile par nombre de réponses
Votre historique - résultats
Vous n’avez pas pris ce quiz